Responses for show #1857 - Tuesday, October 6, 1992

Contestants

[<< previous game]

David Pelovitz, a Ph.D. candidate originally from Princeton, New Jersey

Steve Curry, an appliance salesman from Indianapolis, Indiana

Felice Bogus, a grad student originally from Norfolk, Virginia (whose 1-day cash winnings total $10,600)

[next game >>]

Jeopardy! Round responses

HEALTH & MEDICINE
HOLIDAYS & OBSERVANCES
U.S. STATES
PEOPLE
1991
FILE UNDER "O"
(Alex: Each correct response will begin with that letter of the alphabet.)
    $100 26
headaches

Felice
    $100 1
Thanksgiving

David
    $100 2
(Felice: What is 50?)
(David: What is [*]?)
(Alex: Yes. Same as contiguous. Select again.)

48

FeliceDavid
    $100 8
Peter Jennings

David
    $100 11
(David: What is fruitcake?)
(Alex: That's a lot of fruitcake.)

cookies

FeliceDavid
    $100 14
oysters

David
    $200 27
chicken pox

Felice
    $200 4
Palm Sunday

Steve
    $200 3
Tacoma

Felice
    $200 10
Janet Leigh

David
    $200 15
the McLean

David
    $200 17
Sandra Day O'Connor

David
    $300 28
(Felice: What is cirrhosis?)

hepatitis

Felice
Triple Stumper
    $300 5
the Seder

Felice
    $300 9
Oklahoma

Felice
    $300 23
Schwarzenegger

Felice
    $300 16
Kuwait

Felice
    $300 18
Orlon

Felice
    $400 29
(Steve: What's hyperthermia?)

hypothermia

SteveDavid
    $400 6
the Buddha

Felice
    $400 12
Oahu

Steve
    $400 24
Ernest Borgnine

David
    $400 21
(Felice: Who is Murdoch?)

(Robert) Maxwell

FeliceDavid
    $400 19
Oberon

David
    $500 30
adenoids

Felice
    $500 7
the United Nations

Triple Stumper
    $600 13
Wyoming (or Montana)

Steve
    $500 25
Martin & Lewis

Steve
    $500 22
Hormel

David
    $500 20
(Vittorio Emanuele) Orlando

David

Scores at the first commercial break (after clue 13):

Felice Steve David
$1,200 $1,200 $400

Scores at the end of the Jeopardy! Round:

Felice Steve David
$2,200 $1,300 $3,500

Double Jeopardy! Round responses

WORLD GEOGRAPHY
CHILDREN'S LITERATURE
OLD TESTAMENT
RUSSIAN HISTORY
FLOWERS
PRESIDENTIAL RELATIVES
    $200 16
Arabian

Triple Stumper
    $200 11
Winnie-The-Pooh

Steve
    $200 1
Noah

Felice
    $200 23
Alaska

David
    $200 18
(David: What's a chrysanthenum?)
(Alex: No.)
[offstage murmur]
(Alex: No it is not. David realizes his mistake. He called it a chrysanthenum. It's a [*].)

chrysanthemum

David
Triple Stumper
    $200 6
John Quincy Adams

David
    $400 17
The Philippines

Felice
    $400 12
(David: What is the Swiss Family Robinson?)

Robinson Crusoe

FeliceDavid
    $400 2
David

Felice
    $400 24
St. Petersburg

David
    $400 19
a rose

Felice
    $400 7
Aaron Burr

Steve
    $600 28
the Coral Sea

David
    $600 13
Prince Charming

Steve
    $600 3
milk and honey

Felice
    $600 25
(Felice: Who is Attila?)

Genghis Khan

FeliceSteve
    $2,000 20
lily

Felice
    $600 8
Amy Carter

Felice
    $800 29
Ontario

Felice
    $3,000 14
Pinocchio

Steve
    $800 4
Jacob

Felice
    $800 26
the Crimean Peninsula

David
    $800 21
a bird of paradise

Steve
    $800 9
John Kennedy

Steve
    $1000 30
the Ruhr valley

David
    $1000 15
Little Lord Fauntleroy

David
    $1000 5
(Alex: Well done in that category, you're in the lead right now.)

Joshua

Felice
    $1000 27
Japan

Felice
    $1000 22
(Steve: What is a violet?)

the purple lilac

Steve
Triple Stumper
    $1000 10
Margaret Truman

David

Scores at the end of the Double Jeopardy! Round:

Felice Steve David
$10,200 $6,700 $8,100

[wagering suggestions for these scores]

Final Jeopardy! Round responses

THE OSCARS
SteveWho is Orson Welles?
$6,700
DavidWho was Hitchcock?
$8,100
FeliceWho was Hous Welles
$6,001
Orson Welles

Final scores:

Felice Steve David
$16,201 $13,400 $0
2-day champion: $26,801 2nd place: the Flavorite Nutrition Cooking System from Regal and 11-piece Moulinex kitchen appliance set 3rd place: Konica Aiborg 35mm camera and Konica Color Print film

Game dynamics:

Coryat scores:

Felice Steve David
$8,800 $4,400 $8,100
23 R
(including 1 DD),
4 W
11 R
(including 2 DDs),
2 W
21 R,
3 W

Combined Coryat: $21,300

The J! Archive is created by fans, for fans. The Jeopardy! game show and all elements thereof, including but not limited to copyright and trademark thereto, are the property of Jeopardy Productions, Inc. and are protected under law. This website is not affiliated with, sponsored by, or operated by Jeopardy Productions, Inc. Join the discussion at JBoard.tv.